00401cam a22001334a 4500020002200000082001500022100002000037245004700057260005700104300003900161650002000200650002700220700002000247 a0854046321 (pbk.)00a541.36 SED1 aSeddon, John M.10aThermodynamics and statistical mechanics / aCambridge, UK :bRoyal Society of Chemistry,cc2001. aviii, 159 p. :bill. (some col.) ; 0aThermodynamics. 0aStatistical mechanics.1 aGale, Julian D.